| 000 | 00458nam a22001817a 4500 | ||
|---|---|---|---|
| 003 | CEME | ||
| 005 | 20210628210255.0 | ||
| 008 | 210201b xxu||||| |||| 00| 0 eng d | ||
| 040 | _c. | ||
| 082 | _a297.7 UBA | ||
| 100 |
_aMuhammad Ismail _978811 |
||
| 245 | _aMajalis zikar | ||
| 260 |
_aLAHORE _bMAKTABA-E-DARUL-ULOOM _c2004 |
||
| 300 | _a560P | ||
| 650 |
_aISLAM-MAJALIS ZIKAR _978812 |
||
| 700 |
_aUbaid Ullah Noor, Moulana _978813 |
||
| 942 |
_cBK _2ddc |
||
| 999 |
_c583884 _d583884 |
||